Normal view
MARC view
- Zohdi. T
Entry Personal Name
001 - CONTROL NUMBER
- control field: 5087
003 - CONTROL NUMBER IDENTIFIER
- control field: JO-AjAnu
005 - DATE AND TIME OF LATEST TRANSACTION
- control field: 20230606071128.0
008 - FIXED-LENGTH DATA ELEMENTS
- fixed length control field: 230606|| aca||aabn | a|a d
040 ## - CATALOGING SOURCE
- Original cataloging agency: JO-AjAnu
- Transcribing agency: JO-AjAnu
100 ## - HEADING--PERSONAL NAME
- Personal name: Zohdi. T
670 ## - SOURCE DATA FOUND
- Source citation: Work cat.: (JO-AjAnu)2629: Zohdi. T, author, An introduction to modeling and to Simulation of particulate flows